Vector and tensor analysis with applications / (Record no. 30343)

000 -LEADER
fixed length control field 00767 a2200217 4500
020 ## - INTERNATIONAL STANDARD BOOK NUMBER
International Standard Book Number 0486638332
020 ## - INTERNATIONAL STANDARD BOOK NUMBER
International Standard Book Number 9780486638331
082 ## - DEWEY DECIMAL CLASSIFICATION NUMBER
Classification number 516.83
090 ## - LOCALLY ASSIGNED LC-TYPE CALL NUMBER (OCLC); LOCAL CALL NUMBER (RLIN)
-- 1736
-- 1736
100 1# - MAIN ENTRY--PERSONAL NAME
Personal name Borisenko, A. I.
245 10 - TITLE STATEMENT
Title Vector and tensor analysis with applications /
Statement of responsibility, etc. A. I. Borisenko, I. E. Tarapov, Mathematics, Richard A. Silverman.
260 ## - PUBLICATION, DISTRIBUTION, ETC.
Place of publication, distribution, etc. [S.l.] :
Name of publisher, distributor, etc. Dover Publications,
Date of publication, distribution, etc. 1979.
300 ## - PHYSICAL DESCRIPTION
Extent 288 p. ;
Dimensions 21 cm.
490 1# - SERIES STATEMENT
Series statement Dover books on mathematics.
700 1# - ADDED ENTRY--PERSONAL NAME
Personal name Tarapov, I. E.
700 1# - ADDED ENTRY--PERSONAL NAME
Personal name Mathematics.
700 1# - ADDED ENTRY--PERSONAL NAME
Personal name Silverman, Richard A.
830 #0 - SERIES ADDED ENTRY--UNIFORM TITLE
Uniform title Dover books on mathematics.
942 ## - ADDED ENTRY ELEMENTS (KOHA)
Institution code [OBSOLETE] SNS
Koha item type Book
Call number prefix 516.83 BOR
Holdings
Withdrawn status Lost status Damaged status Not for loan Permanent Location Current Location Date acquired Total Checkouts Full call number Barcode Date last seen Price effective from Koha item type
        School of Natural Sciences (SNS) School of Natural Sciences (SNS) 05/26/2016   516.83 BOR SNS0002058 05/26/2016 05/26/2016 Book
© 2023 Central Library, National University of Sciences and Technology. All Rights Reserved.